| 000 | 00596nam a22001697a 4500 | ||
|---|---|---|---|
| 003 | NUST | ||
| 038 | _aNusrat Nadeem | ||
| 082 | _a200 | ||
| 100 |
_a Imran Muhammad _919349 |
||
| 245 |
_aDeterminants of delays in OEM intensive capital refit projects-evidence from Pakistan's maritime sector/ _cMuhammad Imran |
||
| 264 |
_aKarachi. _bPNEC NUST; _c2017. |
||
| 300 |
_a160,p; _bill; _c30,cm. |
||
| 650 |
_aPhD- Industrial and Manufacturing Engineering _9124344 |
||
| 700 |
_aSupervisor. NADEEM KURESHI _9124345 |
||
| 856 | _uhttp://10.250.8.41:8080/xmlui/handle/123456789/27003 | ||
| 942 |
_2ddc _cSC |
||
| 999 |
_c610229 _d610229 |
||